<?xml version="1.0" encoding="UTF-8"?>
<record
    xmlns:xsi="http://www.w3.org/2001/XMLSchema-instance"
    xsi:schemaLocation="http://www.loc.gov/MARC21/slim http://www.loc.gov/standards/marcxml/schema/MARC21slim.xsd"
    xmlns="http://www.loc.gov/MARC21/slim">

  <leader>01723naa a2200253 i 4500</leader>
  <controlfield tag="001">6331</controlfield>
  <controlfield tag="003">KOSZ 005</controlfield>
  <controlfield tag="005">20180425150950.0</controlfield>
  <controlfield tag="008">150316s2003    pl     f     |100 0 pol</controlfield>
  <datafield tag="040" ind1=" " ind2=" ">
    <subfield code="c">BPK</subfield>
    <subfield code="d">KOSZ 005/EG</subfield>
    <subfield code="d">KOSZ 005/HR</subfield>
  </datafield>
  <datafield tag="080" ind1=" " ind2=" ">
    <subfield code="a">007.5</subfield>
  </datafield>
  <datafield tag="100" ind1="1" ind2=" ">
    <subfield code="a">KRZY&#x17B;Y&#x143;SKI, Tomasz.</subfield>
    <subfield code="d">1997 - .</subfield>
    <subfield code="b">Politechnika Koszali&#x144;ska - Wydzia&#x142; Mechaniczny,</subfield>
    <subfield code="c">Katedra Mechaniki Precyzyjnej - Zak&#x142;ad Mechatroniki</subfield>
  </datafield>
  <datafield tag="245" ind1="1" ind2="0">
    <subfield code="a">Wybrane metody modelowania ko&#x144;czyn robota krocz&#x105;cego /</subfield>
    <subfield code="c">Tomasz Krzy&#x17C;y&#x144;ski, Robert Mr&#xF3;z.</subfield>
  </datafield>
  <datafield tag="246" ind1=" " ind2=" ">
    <subfield code="a">Selected methods of modelling of walking robot limbs</subfield>
  </datafield>
  <datafield tag="500" ind1=" " ind2=" ">
    <subfield code="a">Dane z autopsji.</subfield>
  </datafield>
  <datafield tag="520" ind1=" " ind2=" ">
    <subfield code="a">Artyku&#x142; zawiera informacje o modelowaniu ko&#x144;czyn krocz&#x105;cych w odniesieniu do przyk&#x142;ad&#xF3;w zawartych w literaturze. A tak&#x17C;e analogii w&#x15B;r&#xF3;d organizm&#xF3;w &#x17C;ywych wykorzystuj&#x105;cych do poruszania si&#x119; odn&#xF3;&#x17C;y. Prezentowany w artykule program do wst&#x119;pnego modelowania ko&#x144;czyn krocz&#x105;cych jest hybryd&#x105; wykorzystuj&#x105;c&#x105; w swoim dzia&#x142;aniu system ekspertowy w po&#x142;&#x105;czeniu z algorytmem genetycznym.</subfield>
  </datafield>
  <datafield tag="650" ind1=" " ind2="0">
    <subfield code="a">Maszyny krocz&#x105;ce.</subfield>
  </datafield>
  <datafield tag="650" ind1=" " ind2="0">
    <subfield code="a">Modelowanie i sterowanie rozmyte.</subfield>
  </datafield>
  <datafield tag="655" ind1=" " ind2="0">
    <subfield code="a">Materia&#x142;y konferencyjne.</subfield>
  </datafield>
  <datafield tag="700" ind1="1" ind2=" ">
    <subfield code="a">MR&#xD3;Z, Robert - doktorant.</subfield>
    <subfield code="b">Politechnika Koszali&#x144;ska - Wydzia&#x142; Mechaniczny,</subfield>
    <subfield code="c">Katedra Mechaniki Precyzyjnej - Zak&#x142;ad Mechatroniki</subfield>
  </datafield>
  <datafield tag="711" ind1="2" ind2="2">
    <subfield code="a">Warsztaty Naukowe PTSK</subfield>
    <subfield code="n">(9 ;</subfield>
    <subfield code="d">2002 ;</subfield>
    <subfield code="c">Koszalin - Osieki, Polska).</subfield>
  </datafield>
  <datafield tag="773" ind1="0" ind2=" ">
    <subfield code="i">W :</subfield>
    <subfield code="t">Symulacja w badaniach i rozwoju : zbi&#xF3;r referat&#xF3;w IX Warsztat&#xF3;w Naukowych PTSK, Koszalin - Osieki, 28-31 sierpnia 2002 / pod redakcj&#x105; Tomasza Krzy&#x17C;y&#x144;skiego i Andrzeja Tylikowskiego. -</subfield>
    <subfield code="d">Koszalin : Wydaw. Uczelniane Politechniki Koszali&#x144;skiej, 2003. -</subfield>
    <subfield code="g">s. 193-200</subfield>
  </datafield>
  <datafield tag="942" ind1=" " ind2=" ">
    <subfield code="c">ROZ</subfield>
    <subfield code="2">UKD</subfield>
  </datafield>
  <datafield tag="999" ind1=" " ind2=" ">
    <subfield code="c">6331</subfield>
    <subfield code="d">6331</subfield>
  </datafield>
  <datafield tag="952" ind1=" " ind2=" ">
    <subfield code="0">0</subfield>
    <subfield code="1">0</subfield>
    <subfield code="4">0</subfield>
    <subfield code="7">0</subfield>
    <subfield code="a">BPK</subfield>
    <subfield code="b">BPK</subfield>
    <subfield code="o">70620</subfield>
    <subfield code="y">ROZ</subfield>
  </datafield>
</record>
